Гендерні особливості передачі комунікативної інформації невербальними засобами спілкування (Запис № 284947)
[ простий вигляд ]
| 000 -LEADER | |
|---|---|
| fixed length control field | 02092nam a22001577a 4500 |
| 041 ## - LANGUAGE CODE | |
| Language code of text/sound track or separate title | ukr |
| 080 ## - UNIVERSAL DECIMAL CLASSIFICATION NUMBER | |
| Universal Decimal Classification number | 09 |
| 090 ## - LOCALLY ASSIGNED LC-TYPE CALL NUMBER (OCLC); LOCAL CALL NUMBER (OCLC) | |
| Local cutter number (OCLC) ; Book number/undivided call number, CALL (RLIN) | ОГО |
| 100 ## - MAIN ENTRY--PERSONAL NAME | |
| Personal name | Огороднік К.О. |
| 245 ## - TITLE STATEMENT | |
| Title | Гендерні особливості передачі комунікативної інформації невербальними засобами спілкування |
| 260 ## - PUBLICATION, DISTRIBUTION, ETC. (IMPRINT) | |
| Place of publication, distribution, etc | Острог |
| Name of publisher, distributor, etc | КАФ |
| Date of publication, distribution, etc | 2012 |
| 300 ## - PHYSICAL DESCRIPTION | |
| Extent | 77 |
| 520 ## - SUMMARY, ETC. | |
| Summary, etc | Розділ 1 Невербальне спілкування як засіб передачі комунікативної інформації.<br/>1.1 "Невербальне спілкування", "невербальна комунікація", "невербальна поведінка" подібне та відмінне.<br/>1.2 Невербальні засоби комунікації як паралінгвістика. Кінесика.<br/>1.3 Жести і поза.<br/>1.4 Міміка.<br/>Розділ 2. Стан гендерних досліджень у сучасній лінгвістичній науці.<br/>2.1 Поняття гендерної комунікації.<br/>2.2 Процес формування гендерного стереотипу.<br/>2.3 Основні гендерні стереотипи у культурі та суспільстві.<br/>2.4 Особливості невербальних інтеракцій у різностатевих та одностатевих взаєминах.<br/>Розділ 3. Гендерні особливості передачі комунікативноїмінформації засобами НЗС.<br/>3.1 Властивості Інтернет спілкування.<br/>3.2 Дослідження гендерних особливостей невербального спілкування віртуальній дійсності.<br/>3.3 Комплекс вправ для розуміння і застосування невербальних засобів комунікації. |
| -- | комунікація,невербальний,гендер |
| 650 ## - SUBJECT ADDED ENTRY--TOPICAL TERM | |
| Topical term or geographic name as entry element | Research Papers |
| 942 ## - ADDED ENTRY ELEMENTS (KOHA) | |
| Koha item type | Книги |
| Withdrawn status | Lost status | Source of classification or shelving scheme | Damaged status | Not for loan | Home library | Current library | Date acquired | Source of acquisition | Cost, normal purchase price | Total Checkouts | Full call number | Barcode | Date last seen | Price effective from | Koha item type |
|---|---|---|---|---|---|---|---|---|---|---|---|---|---|---|---|
| Universal Decimal Classification | ВІЛ - Відділ іноземн. літератури НБ | ВІЛ - Відділ іноземн. літератури НБ | 18/09/2012 | Акт №5 | 1.00 | 09 | 215009 | 10/11/2021 | 18/09/2012 | Книги |